zpět

Detail výsledku týmu

Suzie's, Brno

Datum a čas kvízu

39.5 Celkem bodů Celkový počet nahraných bodů na tomto kvízu bez doplňovacích otázek.
1. Pořadí na kvízu Konečné umístění týmu na tomto kvízu.

Zaznamenané odpovědi

# Otázka Odpověď Body Výsledky
1. Ke kácení stromů ve většině př... trhavinu 1
2. Překvapení minulý týden neskrý... policie 1
3. V Brně začala jezdit nová orig... Party Šalina 1
4. Patříte-li mezi zákazníky inte... fialová 0
5. Ze soboty na neděli se v Las V... (UFC) 300 1
6. V pěti otázkách tohoto tématu... fyziologický roztok 1
7. Jaká je denní dávka kuchyňské... B 1
8. Jak se nazývá původem japonská... C) gomasio 0
9. Nejen lidé, ale i zvířata potř... liz 1
10. Chcete-li si užít blahodárného... D) Bad Ischl 1